04836nam a22004093i 4500001001100000003000700011005001700018006001900035007001500054008004100069020003600110035002300146035002400169035002200193040004100215050002400256082001700280100002300297245006600320250001200386264003500398264001200433300003400445336002600479337002600505338003600531490005000567505183000617505142302447520016203870588007204032650004104104655002204145776012704167830004204294856009004336EBC5845600MiAaPQ20240724113853.0m o d | cr cnu||||||||240724s2019 xx o ||||0 ita d a9781789690927q(electronic bk.) a(MiAaPQ)EBC5845600 a(Au-PeEL)EBL5845600 a(OCoLC)1111976631 aMiAaPQbengerdaepncMiAaPQdMiAaPQ 4aBL793.S3 .C783 20190 a292.080939111 aCruccas, Emiliano.10aNVMINA MAGNA :bRoma e il Culto Dei Grandi Dei Di Samotracia. a1st ed. 1aOxford :bArchaeopress,c2019. 4c©2019. a1 online resource (157 pages) atextbtxt2rdacontent acomputerbc2rdamedia aonline resourcebcr2rdacarrier1 aArchaeopress Roman Archaeology Series ;vv.560 aCover -- Title Page -- Copyright Page -- Contents Page -- Prefazione -- Premessa -- Cap. 1. …Und niemals wissen, was sie sind! Origine e sviluppo del culto dei Cabiri e dei Grandi Dei nel Mediterraneo orientale -- Cap. 2. Lari, Penati e Grandi Dei di Samotracia a Roma tra la media e la tarda età repubblicana -- 2.1 Samotracia e Roma: il culto dei Grandi Dei e i cittadini romani -- 2.2 Sincretismi e polisemicità di gruppi divini: le identificazioni Penati - Grandi Dei e Lan - Grandi Dei. -- 2.2.1 Vos di patrii ac Penates qui huic urbi atque huic reipublicae praesidetis (Cic. Pro Sulla 86). Divinità che proteggono 1: I Penates. -- 2.2.1.1 'ex Samothrace in Phrygiam' e 'ex Phrygia in Italiam'. I Penati di Lavinio -- 2.2.1.2 Τρωικοὶ θεοί di Roma. Il culto dei Penati tra l'aedes Vestae e il tempio sulla Velia -- 2.2.2 Qui compita servant / et vigilant nostra semper in urbe (Ov. fasti 2,615-616). Divinità del focolare, divinità che proteggono 2: I Lares. -- 2.2.2.1 Il tempio dei Lares Permarini a Roma -- 2.2.2.2 Il tempio dei Lares Praestites a Roma -- 3. Lapis nigellus. L'introduzione del culto della Magna Mater a Roma e in Italia -- Cap. 4. L'atrium della villa di Oplontis: l'autocelebrazione di un devoto ai Grandi Dei di Samotracia? -- Cap. 5. ‚Klein von Gestalt,/ Groß von Gewalt,/ Der Scheiternden Retter,/ Uralt-verehrte Götter!' In conclusione. -- Summary -- Tabella cronologica -- Indice delle fonti antiche -- Autori -- Iscrizioni -- Indice analitico -- Personaggi storici -- Divinità/eroi -- Luoghi e monumenti -- Cose notevoli -- Indice delle abbreviazioni bibliografiche -- Indice -- Lista delle figure -- Prefazione -- Premessa -- Cap. 1. …Und niemals wissen, was sie sind! Origine e sviluppo del culto dei Cabiri e dei Grandi Dei nel Mediterraneo orientale.8 aCap. 2. Lari, Penati e Grandi Dei di Samotracia a Roma tra la media e la tarda età repubblicana -- 2.1 Samotracia e Roma: il culto dei Grandi Dei e i cittadini romani -- 2.2 Sincretismi e polisemicità di gruppi divini: le identificazioni Penati - Grandi Dei e Lari - Grandi Dei. -- 2.2.1 Vos di patrii ac Penates qui huic urbi atque huic reipublicae praesidetis (Cic. Pro Sulla 86). Divinità che proteggono 1: I Penates. -- 2.2.1.1 'ex Samothrace in Phrygiam' e 'ex Phrygia in Italiam'. I Penati di Lavinio -- 2.2.1.2 Τρωικοὶ θεοί di Roma. Il culto dei Penati tra l'aedes Vestae e il tempio sulla Velia -- 2.2.2 Qui compita servant / et vigilant nostra semper in urbe (Ov. fasti 2,615-616). Divinità del focolare, divinità che proteggono 2: I Lares. -- 2.2.2.1 Il tempio dei Lares Permarini a Roma -- 2.2.2.2 Il tempio dei Lares Praestites a Roma -- 3. Lapis nigellus. L'introduzione del culto della Magna Mater a Roma e in Italia -- Cap. 4. L'atrium della villa di Oplontis: l'autocelebrazione di un devoto ai Grandi Dei di Samotracia? -- Cap. 5. ‚Klein von Gestalt,/ Groß von Gewalt,/ Der Scheiternden Retter,/ Uralt-verehrte Götter!' In conclusione. -- Summary -- Tabella cronologica -- Indice delle fonti antiche -- Autori -- Iscrizioni -- Indice analitico -- Personaggi storici -- Divinità/eroi -- Luoghi e monumenti -- Cose notevoli -- Indice delle abbreviazioni bibliografiche. aThis volume underlines the main aspects of the cult of the Great Gods of Samothrace in light of the influences of Roman cultural and mythological substratum. aDescription based on publisher supplied metadata and other sources. 0aSamothrace Island (Greece)-Religion. 4aElectronic books.08iPrint version:aCruccas, EmilianotNVMINA MAGNA: Roma e il Culto Dei Grandi Dei Di SamotraciadOxford : Archaeopress,c2019 0aArchaeopress Roman Archaeology Series40uhttps://ebookcentral.proquest.com/lib/orpp/detail.action?docID=5845600zClick to View